| 000 | 00672cam a2200145 4500500 | ||
|---|---|---|---|
| 005 | 20251228082921.0 | ||
| 041 | _afre | ||
| 042 | _adc | ||
| 100 | 1 | 0 |
_aCourtès, Noémie _eauthor |
| 245 | 0 | 0 | _aJean-Yves Vialleton, Poésie dramatique et prose du monde. Le comportement des personnages dans la tragédie en France au XVIIe siècle, Paris, Honoré Champion, « Lumière classique », no 52, 2004, 1 vol. de 18 3 25 cm de 822 p. |
| 260 | _c2006. | ||
| 500 | _a25 | ||
| 786 | 0 | _nDix-septième siècle | 232 | 3 | 2006-09-01 | p. 535g-568g | 0012-4273 | |
| 856 | 4 | 1 | _uhttps://shs.cairn.info/revue-dix-septieme-siecle-2006-3-page-535g?lang=fr&redirect-ssocas=7080 |
| 999 |
_c1600086 _d1600086 |
||